Library Banner

Creative thinking: an Islamic perspective / (Record no. 95423)

MARC details
000 -LEADER
fixed length control field 00466nam a22001697a 4500
005 - DATE AND TIME OF LATEST TRANSACTION
control field 20180307115753.0
008 - FIXED-LENGTH DATA ELEMENTS--GENERAL INFORMATION
fixed length control field 170720b xxu||||| |||| 00| 0 eng d
020 ## - INTERNATIONAL STANDARD BOOK NUMBER
International Standard Book Number 9832957222
040 ## - CATALOGING SOURCE
Transcribing agency PK-LaUMT
082 ## - DEWEY DECIMAL CLASSIFICATION NUMBER
Classification number ZIAC 153.42
Item number JAM-C
100 ## - MAIN ENTRY--PERSONAL NAME
Personal name Jamal Badi
245 ## - TITLE STATEMENT
Title Creative thinking: an Islamic perspective /
Statement of responsibility, etc Jamal Badi
250 ## - EDITION STATEMENT
Edition statement 2nd
260 ## - PUBLICATION, DISTRIBUTION, ETC. (IMPRINT)
Place of publication, distribution, etc Kuala Lumpur:
Name of publisher, distributor, etc International Islamic University Malaysia,
Date of publication, distribution, etc 2005
300 ## - PHYSICAL DESCRIPTION
Extent 250 p.
942 ## - ADDED ENTRY ELEMENTS (KOHA)
Koha item type Books
Holdings
Withdrawn status Lost status Damaged status Home library Current library Date acquired Full call number Barcode Date last seen Price effective from Koha item type
      UMT Main Campus UMT Main Campus 2017-07-20 ZIAC 153.42 JAM-C 110999 2017-07-20 2017-07-20 Books